[Event "AUT-chT2O 2122"]
[Site "Austria"]
[Date "2022.03.12"]
[Round "8.2"]
[White "Djeno, Drago"]
[Black "Schroll, Gerhard"]
[Result "1-0"]
[WhiteElo "2285"]
[BlackElo "2307"]
[PlyCount "61"]
[EventDate "2021.10.16"]
[EventType "team-tourn"]
[EventRounds "11"]
[EventCountry "AUT"]
[SourceTitle "EXT 2024"]
[Source "ChessBase"]
[SourceDate "2023.10.10"]
[SourceVersion "1"]
[SourceVersionDate "2023.10.10"]
[SourceQuality "1"]
[WhiteTeam "Hietzing"]
[BlackTeam "Mattersburg"]
[WhiteTeamCountry "AUT"]
[BlackTeamCountry "AUT"]

1. Nf3 Nf6 2. c4 e6 3. g3 d5 4. Bg2 Be7 5. 0-0 0-0 6. b3 Nc6 7. a3 a5 8. Qc2 d4 9. d3 e5 10. Bg5 h6 11. Bxf6 Bxf6 12. Nbd2 Re8 13. Rab1 Be7 14. c5 Be6 15. Rfc1 Bd5 16. b4 axb4 17. axb4 Ra2 18. Qd1 Na7 19. b5 c6 20. bxc6 bxc6 21. Ne4 f5 22. Nxe5 fxe4 23. dxe4 Be6 24. Bh3 Qc8 25. Rb8 Qxb8 26. Bxe6+ Kh7 27. Nd7 Qc7 28. e5 Bg5 29. Qd3+ Kh8 30. Bxa2 Nb5 31. e6 1-0

[Event "AUT-chT2O 1920"]
[Site "Austria"]
[Date "2020.01.19"]
[Round "7.3"]
[White "Vitouch, Anatol"]
[Black "Djeno, Drago"]
[Result "1-0"]
[WhiteElo "2286"]
[BlackElo "2322"]
[PlyCount "123"]
[EventDate "2019.10.19"]
[EventType "team-tourn"]
[EventRounds "11"]
[EventCountry "AUT"]
[SourceTitle "CBM 195 Extra"]
[Source "ChessBase"]
[SourceDate "2020.05.31"]
[SourceVersion "1"]
[SourceVersionDate "2020.05.31"]
[SourceQuality "1"]
[WhiteTeam "Pamhagen"]
[BlackTeam "Hietzing"]
[WhiteTeamCountry "AUT"]
[BlackTeamCountry "AUT"]

1. c4 c5 2. g3 g6 3. Bg2 Bg7 4. Nc3 Nc6 5. Nf3 Nf6 6. d4 cxd4 7. Nxd4 0-0 8. 0-0 Qa5 9. Nb3 Qh5 10. e4 Qxd1 11. Rxd1 d6 12. c5 dxc5 13. Nxc5 e5 14. Nd5 Nd4 15. Bg5 Nxd5 16. exd5 Bg4 17. Nxb7 Rab8 18. d6 h6 19. Be7 Rfe8 20. Rd2 Bf8 21. Bxf8 Rxf8 22. Na5 Rb5 23. Nc6 Nf3+ 24. Bxf3 Bxf3 25. d7 Bxc6 26. d8Q Rxd8 27. Rxd8+ Kg7 28. Rd2 a5 29. Rc1 Bf3 30. Rdc2 a4 31. Kf1 g5 32. Ke1 Kf6 33. Kd2 Kf5 34. Ke3 g4 35. h4 f6 36. Rd2 Rb4 37. Rc7 Re4+ 38. Kd3 Re1 39. Rc4 Bd5 40. Rxa4 Rc1 41. Rc2 Rd1+ 42. Kc3 Bf3 43. Rd2 Rc1+ 44. Kb4 h5 45. Ra3 Ra1 46. Ra6 Ke4 47. Rxf6 Rxa2 48. Rh6 Ra8 49. Rxh5 Rb8+ 50. Kc5 Rc8+ 51. Kb6 Rc4 52. Rh8 Bg2 53. h5 Kf5 54. h6 Rc6+ 55. Kb5 Kg6 56. b4 Re6 57. Rhd8 Kxh6 58. R8d6 Rxd6 59. Rxd6+ Kg5 60. Kc5 Kf5 61. b5 e4 62. Kd4 1-0

[Event "AUT-chT2O 1920"]
[Site "Austria"]
[Date "2020.01.18"]
[Round "6.4"]
[White "Zojer, Stefan"]
[Black "Djeno, Drago"]
[Result "1/2-1/2"]
[WhiteElo "2178"]
[BlackElo "2322"]
[PlyCount "133"]
[EventDate "2019.10.19"]
[EventType "team-tourn"]
[EventRounds "11"]
[EventCountry "AUT"]
[SourceTitle "CBM 194 Extra"]
[Source "ChessBase"]
[SourceDate "2020.03.31"]
[SourceVersion "1"]
[SourceVersionDate "2020.03.31"]
[SourceQuality "1"]
[WhiteTeam "Baden Invest"]
[BlackTeam "Hietzing"]
[WhiteTeamCountry "AUT"]
[BlackTeamCountry "AUT"]

1. d4 c5 2. d5 g6 3. e4 Bg7 4. Nc3 d6 5. Be3 Nf6 6. f3 b6 7. Qd2 h5 8. h4 Na6 9. Bb5+ Kf8 10. Bc6 Rb8 11. Nb5 Nd7 12. c3 Ne5 13. Nxa7 Bd7 14. Bb5 Nc7 15. Nc6 Bxc6 16. Bxc6 Nxc6 17. dxc6 Qe8 18. Ne2 Qxc6 19. 0-0 d5 20. exd5 Nxd5 21. Rad1 Nxe3 22. Qxe3 Bf6 23. g3 Kg7 24. Rd2 Rhd8 25. Rfd1 Rxd2 26. Rxd2 b5 27. Nf4 e6 28. Nd3 b4 29. Nf2 bxc3 30. bxc3 Rb1+ 31. Rd1 Rxd1+ 32. Nxd1 Qd6 33. Qe1 c4 34. Kg2 Qd3 35. Qf1 Qc2+ 36. Kh3 Qxa2 37. Ne3 Bxc3 38. Nxc4 Bd4 39. Nd6 Qd5 40. Ne4 Qb3 41. Ng5 Qc3 42. Qb1 Bf6 43. Qb7 Bxg5 44. hxg5 Qc5 45. Qb2+ Kg8 46. f4 Kh7 47. Qb8 Qd5 48. Kh2 Qd2+ 49. Kh3 Qd3 50. Qc7 Qf5+ 51. Kh2 Kg8 52. Qb8+ Kh7 53. Qc7 Kg7 54. Qc3+ Kh7 55. Qc7 Kg7 56. Qc3+ e5 57. Qxe5+ Qxe5 58. fxe5 Kf8 59. Kg2 Ke7 60. Kf3 Kd7 61. Ke3 Ke7 62. Kd4 Kd8 63. Kc4 Kc8 64. Kd4 Kd8 65. Kc4 Kc8 66. Kd4 Kd8 67. Kc4 1/2-1/2

[Event "AUT-chT2O 1819"]
[Site "Austria"]
[Date "2019.03.10"]
[Round "9.1"]
[White "Djeno, Drago"]
[Black "Alvir, Aco"]
[Result "1/2-1/2"]
[WhiteElo "2253"]
[BlackElo "2303"]
[PlyCount "61"]
[EventDate "2018.10.06"]
[EventType "team-tourn"]
[EventRounds "11"]
[EventCountry "AUT"]
[SourceTitle "CBM 189 Extra"]
[Source "ChessBase"]
[SourceDate "2019.06.03"]
[SourceVersion "1"]
[SourceVersionDate "2019.06.03"]
[SourceQuality "1"]
[WhiteTeam "Hietzing"]
[BlackTeam "Pamhagen"]
[WhiteTeamCountry "AUT"]
[BlackTeamCountry "AUT"]

1. c4 g6 2. g3 Bg7 3. Bg2 c5 4. Nf3 Nc6 5. 0-0 Nf6 6. Nc3 0-0 7. d4 d6 8. e3 Bf5 9. b3 Ne4 10. Bb2 Nxc3 11. Bxc3 Be4 12. Qd2 cxd4 13. Nxd4 Bxg2 14. Kxg2 Nxd4 15. Bxd4 Qc7 16. Bxg7 Kxg7 17. Qd5 Qc6 18. Rfd1 Rfc8 19. e4 Qxd5 20. Rxd5 Rc6 21. e5 dxe5 22. Rxe5 e6 23. Rd1 Rac8 24. Rd7 R6c7 25. Rxc7 Rxc7 26. Kf3 Kf6 27. Re3 Ke7 28. Rd3 Rc5 29. Ke3 b6 30. Kd2 h5 31. h4 1/2-1/2

[Event "AUT-chT2O 1819"]
[Site "Austria"]
[Date "2018.11.04"]
[Round "4.4"]
[White "Bachofner, Andreas"]
[Black "Djeno, Drago"]
[Result "1-0"]
[WhiteElo "2184"]
[BlackElo "2253"]
[PlyCount "85"]
[EventDate "2018.10.06"]
[EventType "team-tourn"]
[EventRounds "11"]
[EventCountry "AUT"]
[SourceTitle "CBM 187 Extra"]
[Source "ChessBase"]
[SourceDate "2018.11.04"]
[SourceVersion "1"]
[SourceVersionDate "2018.11.04"]
[SourceQuality "1"]
[WhiteTeam "Nickelsdorf Blackburne"]
[BlackTeam "Hietzing"]
[WhiteTeamCountry "AUT"]
[BlackTeamCountry "AUT"]

1. e4 c5 2. b3 Nc6 3. Bb2 d6 4. Bb5 Bd7 5. f4 Nf6 6. Nc3 a6 7. Bxc6 Bxc6 8. Qe2 e6 9. Nf3 b5 10. e5 Nh5 11. Qe3 d5 12. d4 g6 13. Ne2 Qa5+ 14. c3 b4 15. cxb4 cxb4 16. g4 Ng7 17. 0-0 h5 18. h3 hxg4 19. hxg4 Bb5 20. Rfc1 Bxe2 21. Qxe2 Be7 22. Kg2 Kd7 23. Qd2 Qb5 24. Rc2 Rac8 25. Rac1 Qb7 26. Kg3 Rxc2 27. Qxc2 Rc8 28. Qh2 Rxc1 29. Bxc1 Qc8 30. Bd2 a5 31. Qh7 Bf8 32. Qg8 Ke8 33. Ng5 Qc7 34. Nh7 Qe7 35. Kh3 g5 36. fxg5 a4 37. bxa4 b3 38. axb3 Qa3 39. Qxf8+ Qxf8 40. Nxf8 Kxf8 41. a5 Ke7 42. a6 Ne8 43. Ba5 1-0

[Event "AUT-chT2O 1819"]
[Site "Austria"]
[Date "2018.10.07"]
[Round "2.5"]
[White "Plank, Franz"]
[Black "Djeno, Drago"]
[Result "0-1"]
[WhiteElo "2195"]
[BlackElo "2253"]
[PlyCount "120"]
[EventDate "2018.10.06"]
[EventType "team-tourn"]
[EventRounds "11"]
[EventCountry "AUT"]
[SourceTitle "CBM 186 Extra"]
[Source "ChessBase"]
[SourceDate "2018.08.24"]
[SourceVersion "1"]
[SourceVersionDate "2018.08.24"]
[SourceQuality "1"]
[WhiteTeam "Wien Ottakring"]
[BlackTeam "Hietzing"]
[WhiteTeamCountry "AUT"]
[BlackTeamCountry "AUT"]

1. e4 c5 2. d4 cxd4 3. Qxd4 Nc6 4. Qd3 g6 5. c4 Bg7 6. Nc3 Nf6 7. f3 a6 8. Be3 b5 9. Qd2 bxc4 10. Bxc4 0-0 11. Nge2 Ne5 12. Bb3 a5 13. 0-0 d6 14. Rfd1 Bd7 15. a3 Qb8 16. Ba2 Rc8 17. Nf4 Bc6 18. Rac1 Rc7 19. Nfd5 Rb7 20. Rb1 Nxd5 21. Nxd5 Bb5 22. b3 Bc6 23. Rbc1 Bxd5 24. Qxd5 Rb5 25. Qd2 Nd7 26. Rc2 Nc5 27. Qe2 Nxb3 28. Rc8+ Qxc8 29. Qxb5 Rb8 30. Qd5 a4 31. Ba7 Rb7 32. Be3 h5 33. h3 Qd7 34. Rd3 Qb5 35. Kh2 Qxd5 36. exd5 Bb2 37. Rd1 Bxa3 38. Rb1 Bc5 39. Bg5 f6 40. Bh4 Kf7 41. g4 hxg4 42. hxg4 g5 43. Be1 Bd4 44. Kg2 Rb5 45. Kf1 Be3 46. Ke2 Bf4 47. Kf2 Ke8 48. Kf1 Kd7 49. Kg2 Kc7 50. Rb2 Be5 51. Rb1 Kb6 52. Bf2+ Ka5 53. Be1+ Ka6 54. Kf2 Kb6 55. Ke3 Nc5 56. Bb4 Na6 57. Ba3 Rxb1 58. Bxb1 Nc7 59. Ke4 Nb5 60. Bb4 Bc3 0-1

[Event "AUT-chT2O 1718"]
[Site "Austria"]
[Date "2017.12.02"]
[Round "5.5"]
[White "Lipka, Juraj"]
[Black "Djeno, Drago"]
[Result "1-0"]
[WhiteElo "2415"]
[BlackElo "2237"]
[PlyCount "59"]
[EventDate "2017.10.21"]
[EventType "team-tourn"]
[EventRounds "11"]
[EventCountry "AUT"]
[SourceTitle "EXT 2019"]
[Source "ChessBase"]
[SourceDate "2018.10.10"]
[SourceVersion "1"]
[SourceVersionDate "2018.10.10"]
[SourceQuality "1"]
[WhiteTeam "Pamhagen II"]
[BlackTeam "Hietzing"]
[WhiteTeamCountry "AUT"]
[BlackTeamCountry "AUT"]

1. d4 g6 2. Nf3 Nf6 3. Bg5 Bg7 4. Nbd2 c5 5. Bxf6 Bxf6 6. Ne4 Bxd4 7. Nxd4 cxd4 8. Qxd4 0-0 9. c4 Qa5+ 10. Qd2 Qxd2+ 11. Kxd2 Rd8 12. Nc3 Na6 13. g3 Rb8 14. Bg2 b5 15. cxb5 Nc7 16. a4 a6 17. Rhc1 d5 18. Na2 Rd7 19. Nb4 axb5 20. Nc6 Ra8 21. Ne5 Rd6 22. Rxc7 bxa4 23. Rxe7 Rb8 24. Re8+ Kg7 25. Nd3 Rdb6 26. Rxa4 Bf5 27. Rxb8 Rxb8 28. Rb4 Rd8 29. Rd4 Be6 30. e4 1-0

[Event "Regionalliga NW 1617"]
[Site "Bayern"]
[Date "2017.02.19"]
[Round "6.2"]
[White "Rupp, Markus"]
[Black "Djeno, Drago"]
[Result "0-1"]
[WhiteElo "2226"]
[BlackElo "2193"]
[PlyCount "76"]
[EventDate "2016.10.16"]
[EventType "team-tourn"]
[EventRounds "9"]
[EventCountry "GER"]
[SourceTitle "EXT 2019"]
[Source "ChessBase"]
[SourceDate "2018.10.10"]
[SourceVersion "1"]
[SourceVersionDate "2018.10.10"]
[SourceQuality "1"]
[WhiteTeam "Wuerzburg"]
[BlackTeam "Kronach"]
[WhiteTeamCountry "GER"]
[BlackTeamCountry "GER"]

1. d4 Nf6 2. c4 g6 3. Nc3 Bg7 4. e4 d6 5. Nge2 0-0 6. Ng3 c5 7. d5 Na6 8. Bd3 Nc7 9. 0-0 a6 10. h3 Rb8 11. a4 Bd7 12. a5 b5 13. axb6 Rxb6 14. f4 Qc8 15. Qe2 e6 16. e5 Nfe8 17. Kh1 exd5 18. cxd5 Qb7 19. Bc4 Bb5 20. e6 fxe6 21. dxe6 d5 22. Bxb5 axb5 23. e7 Rf7 24. f5 gxf5 25. Rxf5 Re6 26. Qf3 Rexe7 27. Bg5 Rd7 28. Re1 Nd6 29. Rxf7 Rxf7 30. Qg4 Qc8 31. Qd1 d4 32. Nce4 Nxe4 33. Nxe4 Qf8 34. Bh4 c4 35. Bg3 Nd5 36. Nd6 Ne3 37. Qh5 Rf1+ 38. Kh2 Rxe1 0-1

[Event "AUT-chT2O 1617"]
[Site "Austria"]
[Date "2016.11.13"]
[Round "4.1"]
[White "Djeno, Drago"]
[Black "Ernst, Michael"]
[Result "1/2-1/2"]
[WhiteElo "2224"]
[BlackElo "2071"]
[PlyCount "123"]
[EventDate "2016.10.15"]
[EventType "team-tourn"]
[EventRounds "11"]
[EventCountry "AUT"]
[SourceTitle "CBM 175 Extra"]
[Source "ChessBase"]
[SourceDate "2016.12.12"]
[SourceVersion "1"]
[SourceVersionDate "2016.12.12"]
[SourceQuality "1"]
[WhiteTeam "Hietzing"]
[BlackTeam "Poechlarn"]
[WhiteTeamCountry "AUT"]
[BlackTeamCountry "AUT"]

1. c4 e6 2. Nf3 Nf6 3. g3 d5 4. b3 Be7 5. Bg2 0-0 6. 0-0 b6 7. d4 Bb7 8. Nc3 Nbd7 9. Ne5 Ne4 10. Bb2 c5 11. Nxe4 dxe4 12. Nxd7 Qxd7 13. dxc5 Qxd1 14. Rfxd1 Bxc5 15. Be5 Rfd8 16. Bc7 Rxd1+ 17. Rxd1 Bc6 18. Kf1 Rc8 19. Be5 Be7 20. f3 exf3 21. Bxf3 Be8 22. Bb7 Rd8 23. Rd3 f6 24. Bc7 Rxd3 25. exd3 Bc5 26. Bf4 g5 27. Bc1 Bg6 28. Ke2 Kf7 29. Be3 e5 30. Be4 h6 31. g4 f5 32. gxf5 Bh5+ 33. Kf2 Kf6 34. Bxc5 bxc5 35. b4 cxb4 36. c5 Bf7 37. c6 Ke7 38. f6+ Kd6 39. Ke3 Bxa2 40. Bg6 Kxc6 41. f7 Bxf7 42. Bxf7 a5 43. Ke4 Kd6 44. Bb3 g4 45. Kf5 h5 46. Kg5 Kc5 47. Kxh5 Kd4 48. Kxg4 Kc3 49. Bd5 Kxd3 50. h4 e4 51. h5 e3 52. Bf3 e2 53. Bxe2+ Kxe2 54. h6 b3 55. h7 b2 56. h8Q b1Q 57. Qh2+ Ke3 58. Qf4+ Ke2 59. Qh2+ Ke3 60. Qf4+ Ke2 61. Qe5+ Kf1 62. Qxa5 1/2-1/2

[Event "CRO-chT2 Center 25th"]
[Site "Croatia"]
[Date "2016.04.10"]
[Round "3.33"]
[White "Havas, Ladislav"]
[Black "Djeno, Drago"]
[Result "1-0"]
[WhiteElo "2251"]
[BlackElo "2284"]
[PlyCount "91"]
[EventDate "2016.03.13"]
[EventType "team-tourn"]
[EventRounds "11"]
[EventCountry "CRO"]
[SourceTitle "EXT 2019"]
[Source "ChessBase"]
[SourceDate "2018.10.10"]
[SourceVersion "1"]
[SourceVersionDate "2018.10.10"]
[SourceQuality "1"]

1. d4 Nf6 2. Bg5 Ne4 3. h4 c5 4. dxc5 Qa5+ 5. Nd2 Nxg5 6. hxg5 Qxc5 7. g6 fxg6 8. e3 Nc6 9. Ngf3 Ne5 10. Nb3 Nxf3+ 11. gxf3 Qb6 12. Bd3 d5 13. Qe2 Bd7 14. 0-0-0 0-0-0 15. Rdg1 Be8 16. f4 Qf6 17. Nd4 Rd6 18. Qg4+ Kb8 19. Qf3 Ka8 20. Qg4 Bd7 21. Qg5 Bf5 22. Bxf5 gxf5 23. Qxf5 e6 24. Qd3 h5 25. Rg6 Qf7 26. Nf3 Qf5 27. Rg5 Qxd3 28. cxd3 Be7 29. Rgxh5 Re8 30. Kb1 a5 31. Rh8 Red8 32. Rxd8+ Bxd8 33. Rh8 Ka7 34. d4 Bf6 35. Rc8 Kb6 36. Re8 Kc7 37. Ne1 Rb6 38. Nd3 Kd7 39. Ra8 Ra6 40. Rxa6 bxa6 41. Kc2 Kd6 42. Kd2 Bh4 43. Ke2 a4 44. Nc5 a3 45. bxa3 a5 46. a4 1-0

[Event "CRO-chT2 Center"]
[Site "Croatia"]
[Date "2015.04.26"]
[Round "5.43"]
[White "Djeno, Drago"]
[Black "Bjelicic, Jan"]
[Result "1-0"]
[WhiteElo "2291"]
[BlackElo "2155"]
[PlyCount "87"]
[EventDate "2015.03.22"]
[EventType "team-tourn"]
[EventRounds "11"]
[EventCountry "CRO"]
[SourceTitle "EXT 2016"]
[Source "ChessBase"]
[SourceDate "2015.10.08"]
[SourceVersion "1"]
[SourceVersionDate "2015.10.08"]
[SourceQuality "1"]

1. c4 c6 2. Nf3 Nf6 3. g3 d5 4. b3 Bf5 5. Bg2 e6 6. Nh4 Be4 7. Nf3 dxc4 8. bxc4 Bxf3 9. Bxf3 Qd4 10. Nc3 Qxc4 11. Rb1 b6 12. Nb5 Na6 13. Qb3 Qxb3 14. Bxc6+ Kd8 15. axb3 Rb8 16. Nxa7 Nb4 17. 0-0 Kc7 18. Bf3 b5 19. Ba3 Nbd5 20. Rfc1+ Kb6 21. Nc8+ Kb7 22. Bxf8 Rxf8 23. Ne7 Rfe8 24. Nxd5 exd5 25. Rc3 Kb6 26. b4 Rbd8 27. d4 Ne4 28. Bxe4 dxe4 29. e3 Ra8 30. Rbc1 Re7 31. Kg2 Ra6 32. R1c2 Ra8 33. g4 f6 34. h4 h6 35. Kg3 Rd7 36. Kf4 Re7 37. h5 Ra1 38. Kf5 Rg1 39. Rc8 Rd7 40. Ke6 Rb7 41. d5 Rxg4 42. Ra2 Rc7 43. Rxc7 Kxc7 44. d6+ 1-0

[Event "CRO-chT2 Center"]
[Site "Croatia"]
[Date "2015.04.26"]
[Round "6.43"]
[White "Skuhala, Jernej"]
[Black "Djeno, Drago"]
[Result "0-1"]
[WhiteElo "2195"]
[BlackElo "2291"]
[PlyCount "86"]
[EventDate "2015.03.22"]
[EventType "team-tourn"]
[EventRounds "11"]
[EventCountry "CRO"]
[SourceTitle "EXT 2016"]
[Source "ChessBase"]
[SourceDate "2015.10.08"]
[SourceVersion "1"]
[SourceVersionDate "2015.10.08"]
[SourceQuality "1"]

1. e4 c5 2. Nf3 Nc6 3. Nc3 g6 4. d4 cxd4 5. Nxd4 Bg7 6. Be3 Nf6 7. Bc4 0-0 8. Bb3 Na5 9. e5 Ne8 10. f4 d6 11. Nf3 Bg4 12. exd6 Nxd6 13. 0-0 Ndc4 14. Qxd8 Rfxd8 15. Bc5 Bxf3 16. Rxf3 e6 17. Bb4 b6 18. Bxa5 Nxa5 19. Kf1 Rac8 20. Ke2 Bxc3 21. Rxc3 Rxc3 22. bxc3 Kg7 23. Rf1 Kf6 24. Rf3 Rd7 25. g3 Rc7 26. Rd3 h5 27. Kd2 Kf5 28. Ba4 Kg4 29. Rd7 Rxd7+ 30. Bxd7 Kh3 31. Ke2 Nb7 32. Kf3 Kxh2 33. g4 h4 34. f5 exf5 35. gxf5 gxf5 36. Bxf5 Nd6 37. Bd7 h3 38. a4 f5 39. Kf2 Ne4+ 40. Ke3 Nxc3 41. a5 Kg1 42. axb6 axb6 43. Bxf5 h2 0-1

[Event "CRO-chT2 Center 23rd"]
[Site "Grubisno Polje"]
[Date "2014.09.07"]
[Round "7.4"]
[White "Frouth, Nenad"]
[Black "Djeno, Drago"]
[Result "0-1"]
[WhiteElo "2239"]
[BlackElo "2240"]
[PlyCount "54"]
[EventDate "2014.03.02"]
[EventType "team-match"]
[EventRounds "11"]
[EventCountry "CRO"]
[SourceTitle "EXT 2016"]
[Source "ChessBase"]
[SourceDate "2015.10.08"]
[SourceVersion "1"]
[SourceVersionDate "2015.10.08"]
[SourceQuality "1"]

1. e4 c5 2. Nf3 Nc6 3. Bb5 Nd4 4. Nxd4 cxd4 5. 0-0 g6 6. c3 Bg7 7. cxd4 Bxd4 8. Qa4 Qb6 9. Na3 a6 10. Be2 Qa7 11. Nc2 Bg7 12. d3 Nh6 13. Be3 Qb8 14. Qb4 d6 15. h3 f5 16. f4 0-0 17. e5 dxe5 18. Qxe7 b6 19. fxe5 Ra7 20. Qh4 Qxe5 21. Bf3 Qxb2 22. Qc4+ Nf7 23. Rab1 Qe5 24. Bxb6 Be6 25. Qc5 Rd7 26. Bc6 Rd6 27. Nb4 Qg3 0-1

[Event "CRO-chT2 Center 23rd"]
[Site "Grubisno Polje"]
[Date "2014.03.16"]
[Round "4.2"]
[White "Djeno, Drago"]
[Black "Jusic, Zdenko"]
[Result "1-0"]
[WhiteElo "2240"]
[BlackElo "2309"]
[PlyCount "48"]
[EventDate "2014.03.02"]
[EventType "team-match"]
[EventRounds "11"]
[EventCountry "CRO"]
[SourceTitle "EXT 2016"]
[Source "ChessBase"]
[SourceDate "2015.10.08"]
[SourceVersion "1"]
[SourceVersionDate "2015.10.08"]
[SourceQuality "1"]

1. c4 e5 2. Nc3 Nf6 3. Nf3 Nc6 4. g3 Bb4 5. Nd5 a5 6. Bg2 d6 7. 0-0 Bc5 8. e3 0-0 9. d4 Ba7 10. dxe5 dxe5 11. Qb3 Nd7 12. Qc3 Re8 13. b3 Nc5 14. a3 Bg4 15. b4 Ne4 16. Qc2 Nf6 17. b5 Nb8 18. Ng5 h6 19. Nxf6+ Qxf6 20. Qh7+ Kf8 21. a4 c5 22. bxc6 Nxc6 23. Rb1 Nb4 24. Rxb4 axb4 1-0

[Event "CRO-chT2 Center"]
[Site "Croatia"]
[Date "2011.03.27"]
[Round "4.13"]
[White "Petrovic, Zvonko"]
[Black "Djeno, Drago"]
[Result "1-0"]
[WhiteElo "2210"]
[BlackElo "2241"]
[PlyCount "73"]
[EventDate "2011.03.20"]
[EventType "team-tourn"]
[EventRounds "11"]
[EventCountry "CRO"]
[SourceTitle "EXT 2014"]
[Source "ChessBase"]
[SourceDate "2013.11.20"]
[SourceVersion "1"]
[SourceVersionDate "2013.11.20"]
[SourceQuality "1"]

1. Nf3 Nf6 2. g3 g6 3. Bg2 Bg7 4. 0-0 c5 5. c4 0-0 6. d4 cxd4 7. Nxd4 Nc6 8. Nc2 d6 9. Nc3 Bd7 10. b3 Qa5 11. Bd2 Qh5 12. e4 Qxd1 13. Raxd1 Rfc8 14. h3 Rab8 15. Ne3 Kf8 16. f4 a6 17. e5 dxe5 18. Ned5 Nh5 19. g4 exf4 20. gxh5 Bd4+ 21. Kh1 g5 22. Ne2 Ba7 23. Bc3 Bf5 24. b4 a5 25. b5 e6 26. Nf6 Nb4 27. Nd7+ Ke7 28. b6 Bxb6 29. Nxb6 Rc6 30. Be5 Rxb6 31. Bxb8 Bd3 32. c5 Rb5 33. Bd6+ Kf6 34. Bf3 a4 35. a3 e5 36. Nc3 Nc2 37. Rxd3 1-0

[Event "CRO-chT2 Center"]
[Site "Croatia"]
[Date "2011.03.20"]
[Round "2.23"]
[White "Djeno, Drago"]
[Black "Brigljevic, Milan"]
[Result "0-1"]
[WhiteElo "2241"]
[BlackElo "2313"]
[PlyCount "63"]
[EventDate "2011.03.20"]
[EventType "team-tourn"]
[EventRounds "11"]
[EventCountry "CRO"]
[SourceTitle "EXT 2014"]
[Source "ChessBase"]
[SourceDate "2013.11.20"]
[SourceVersion "1"]
[SourceVersionDate "2013.11.20"]
[SourceQuality "1"]

1. c4 Nf6 2. Nc3 g6 3. g3 Bg7 4. Bg2 0-0 5. e4 d6 6. Nge2 e5 7. 0-0 Nc6 8. a3 a5 9. b3 Ng4 10. f3 Nh6 11. d3 f5 12. Be3 f4 13. Bf2 g5 14. Ra2 g4 15. Nd5 gxf3 16. Bxf3 Bh3 17. Re1 Ng4 18. Nec3 Nxf2 19. Rxf2 Nd4 20. Bg4 Bxg4 21. Qxg4 c6 22. gxf4 cxd5 23. f5 Kh8 24. Nxd5 Bf6 25. Rg2 Rg8 26. Qh5 Rxg2+ 27. Kxg2 Bh4 28. f6 Bxe1 29. Ne7 Qe8 30. Qh6 Qf7 31. h4 Ne6 32. Nf5 0-1

[Event "CRO-chT2 Center"]
[Site "Croatia"]
[Date "2011.03.20"]
[Round "1.53"]
[White "Ivanovic, Zeljko"]
[Black "Djeno, Drago"]
[Result "1-0"]
[WhiteElo "2163"]
[BlackElo "2241"]
[PlyCount "55"]
[EventDate "2011.03.20"]
[EventType "team-tourn"]
[EventRounds "11"]
[EventCountry "CRO"]
[SourceTitle "EXT 2014"]
[Source "ChessBase"]
[SourceDate "2013.11.20"]
[SourceVersion "1"]
[SourceVersionDate "2013.11.20"]
[SourceQuality "1"]

1. e4 c5 2. Nf3 Nc6 3. d4 cxd4 4. Nxd4 Nf6 5. Nc3 g6 6. Nxc6 bxc6 7. e5 Nh5 8. Bc4 Qa5 9. 0-0 Ba6 10. Bxa6 Qxa6 11. Be3 Ng7 12. Ne4 Ne6 13. f4 Qc4 14. Ng3 Bh6 15. Qd2 Rb8 16. b3 Qb4 17. c3 Qa5 18. Rad1 Rb7 19. Rf3 0-0 20. f5 Bxe3+ 21. Qxe3 Ng7 22. f6 exf6 23. Ne4 Ne8 24. Qh6 Qxe5 25. Rh3 Qh5 26. Rxh5 gxh5 27. Rd3 h4 28. Rh3 1-0

[Event "CRO-chT2 Center"]
[Site "Zagreb"]
[Date "2010.03.28"]
[Round "3.23"]
[White "Djeno, Drago"]
[Black "Gazarek, Danko"]
[Result "0-1"]
[WhiteElo "2233"]
[BlackElo "2301"]
[PlyCount "140"]
[EventDate "2010.03.21"]
[EventType "team-tourn"]
[EventRounds "11"]
[EventCountry "CRO"]
[SourceTitle "EXT 2012"]
[Source "ChessBase"]
[SourceDate "2011.11.24"]
[SourceVersion "1"]
[SourceVersionDate "2011.11.24"]
[SourceQuality "1"]

1. c4 e5 2. Nc3 Nc6 3. g3 g6 4. Bg2 Bg7 5. e3 d6 6. Nge2 Nge7 7. Rb1 a5 8. a3 Be6 9. Nd5 Qd7 10. d3 0-0 11. 0-0 Nd8 12. Nec3 Nc8 13. e4 c6 14. Ne3 Bh3 15. Bxh3 Qxh3 16. Qg4 Qxg4 17. Nxg4 f5 18. Ne3 f4 19. Nc2 Ne6 20. f3 h5 21. b4 axb4 22. axb4 Ne7 23. b5 Nd4 24. Nxd4 exd4 25. Ne2 fxg3 26. hxg3 Ra2 27. Rb2 Rfa8 28. Rf2 Ra1 29. bxc6 bxc6 30. Kg2 R8a7 31. Rb8+ Kf7 32. Bb2 Rd1 33. Nc1 Ke6 34. f4 c5 35. Kf3 Nc6 36. Rb6 Kd7 37. Rg2 Kc7 38. Rb5 Bh6 39. e5 dxe5 40. Rxc5 Ra8 41. Re2 Re8 42. Bxd4 Bf8 43. Bxe5+ Rxe5 44. Rcxe5 Nxe5+ 45. Rxe5 Rxc1 46. Re6 Rd1 47. Ke2 Rg1 48. Rxg6 h4 49. Rg4 h3 50. Rh4 Rxg3 51. d4 Ba3 52. c5 Kd7 53. Rh6 Bc1 54. d5 Bxf4 55. Rh7+ Ke8 56. d6 Rc3 57. Rh8+ Kf7 58. Rh7+ Ke6 59. Re7+ Kf6 60. Re4 Bg3 61. d7 Bc7 62. Rh4 Ke7 63. Rh7+ Kd8 64. c6 h2 65. Rh6 Ke7 66. Rh7+ Kf6 67. Kf2 Rc2+ 68. Kf3 Rd2 69. Rh6+ Kg7 70. Rh4 Rd1 0-1

[Event "CRO-chT2b"]
[Site "Croatia"]
[Date "2009.10.18"]
[Round "7"]
[White "Djeno, Drago"]
[Black "Urukalovic, Roman"]
[Result "0-1"]
[WhiteElo "2230"]
[BlackElo "2237"]
[PlyCount "146"]
[EventDate "2009.03.01"]
[EventType "team-tourn"]
[EventRounds "11"]
[EventCountry "CRO"]
[SourceTitle "EXT 2011"]
[Source "ChessBase"]
[SourceDate "2010.11.26"]
[SourceVersion "1"]
[SourceVersionDate "2010.11.26"]
[SourceQuality "1"]

1. c4 Nf6 2. Nf3 g6 3. b3 Bg7 4. Bb2 0-0 5. g3 d6 6. d4 e5 7. dxe5 Nfd7 8. Nc3 dxe5 9. Qd2 Nc6 10. Bg2 Re8 11. e4 Nc5 12. Rd1 Qxd2+ 13. Rxd2 Bg4 14. 0-0 Bxf3 15. Bxf3 Nd4 16. Kg2 Rad8 17. Bg4 h5 18. Bh3 Bh6 19. Rdd1 c6 20. b4 Nce6 21. Bxe6 Nxe6 22. Rxd8 Rxd8 23. Rd1 Rxd1 24. Nxd1 f6 25. f3 Kf7 26. Kf2 Bf8 27. Bc3 Be7 28. Ke2 Bd8 29. Kd3 Bc7 30. Ne3 Ng5 31. Ke2 Ke6 32. Nc2 f5 33. Bd2 Nf7 34. Kd3 Bd8 35. Be3 b6 36. b5 c5 37. Na3 Bg5 38. Bf2 Bc1 39. Nc2 Ng5 40. Ne1 Nh3 41. Ke2 Bb2 42. Be3 Bd4 43. Bd2 fxe4 44. fxe4 Nf2 45. Kf3 Kf6 46. h4 Ke6 47. a4 Kd6 48. a5 bxa5 49. Bxa5 Ng4 50. Bd2 Nh2+ 51. Ke2 Ng4 52. Nd3 Nf6 53. Kf3 Ng4 54. Bg5 Nh2+ 55. Ke2 Ng4 56. Bc1 Nf6 57. Kf3 Ng4 58. Bd2 Nh2+ 59. Kg2 Ng4 60. Bg5 Be3 61. Kf3 Bxg5 62. hxg5 Nh2+ 63. Ke2 Ng4 64. Ne1 Ke6 65. Nf3 Ke7 66. Nd2 Kd6 67. Nb3 Nh2 68. Na5 Ng4 69. Nb7+ Kc7 70. Nxc5 Kb6 71. Nb3 a6 72. bxa6 Kxa6 73. Nc5+ Kb6 0-1